<?xml version="1.0" encoding="UTF-8"?>
<record
    xmlns:xsi="http://www.w3.org/2001/XMLSchema-instance"
    xsi:schemaLocation="http://www.loc.gov/MARC21/slim http://www.loc.gov/standards/marcxml/schema/MARC21slim.xsd"
    xmlns="http://www.loc.gov/MARC21/slim">

  <leader>00757nam a22001697a 4500</leader>
  <datafield tag="999" ind1=" " ind2=" ">
    <subfield code="c">57651</subfield>
    <subfield code="d">57651</subfield>
  </datafield>
  <controlfield tag="003">Ge_BSU</controlfield>
  <controlfield tag="005">20200825134231.0</controlfield>
  <controlfield tag="008">200825b        xxu||||| |||| 00| 0 geo d</controlfield>
  <datafield tag="041" ind1=" " ind2=" ">
    <subfield code="a">geo</subfield>
  </datafield>
  <datafield tag="080" ind1=" " ind2=" ">
    <subfield code="a">343 (479.22) &#x10D4;-18</subfield>
  </datafield>
  <datafield tag="100" ind1=" " ind2=" ">
    <subfield code="a">&#x10D4;&#x10D2;&#x10E3;&#x10E2;&#x10D8;&#x10EB;&#x10D4;, &#x10DB;&#x10D0;&#x10DB;&#x10E3;&#x10D9;&#x10D0;</subfield>
    <subfield code="9">9329</subfield>
  </datafield>
  <datafield tag="245" ind1=" " ind2=" ">
    <subfield code="a">&#x10D7;&#x10D0;&#x10E6;&#x10DA;&#x10D8;&#x10D7;&#x10DD;&#x10D1;&#x10D8;&#x10E1; &#x10D3;&#x10D0; &#x10D2;&#x10D0;&#x10DB;&#x10DD;&#x10EB;&#x10D0;&#x10DA;&#x10D5;&#x10D8;&#x10E1; &#x10D2;&#x10D6;&#x10D8;&#x10D7; &#x10E1;&#x10EE;&#x10D5;&#x10D8;&#x10E1;&#x10D8; &#x10DC;&#x10D8;&#x10D5;&#x10D7;&#x10D8;&#x10E1; &#x10D3;&#x10D0;&#x10E3;&#x10E4;&#x10DA;&#x10D4;&#x10D1;&#x10D0; &#x10D0;&#x10DC; &#x10E5;&#x10DD;&#x10DC;&#x10D4;&#x10D1;&#x10E0;&#x10D8;&#x10D5;&#x10D8; &#x10E3;&#x10E4;&#x10DA;&#x10D4;&#x10D1;&#x10D8;&#x10E1; &#x10DB;&#x10D8;&#x10E6;&#x10D4;&#x10D1;&#x10D0; /</subfield>
    <subfield code="c">&#x10DB;&#x10D0;&#x10DB;&#x10E3;&#x10D9;&#x10D0; &#x10D4;&#x10D2;&#x10E3;&#x10E2;&#x10D8;&#x10EB;&#x10D4;.</subfield>
  </datafield>
  <datafield tag="264" ind1=" " ind2=" ">
    <subfield code="a">&#x10D7;&#x10D1;. :</subfield>
    <subfield code="b"> "&#x10D8;&#x10E3;&#x10E0;&#x10D8;&#x10E1;&#x10E2;&#x10D4;&#x10D1;&#x10D8;&#x10E1; &#x10E1;&#x10D0;&#x10DB;&#x10E7;&#x10D0;&#x10E0;&#x10DD; ",</subfield>
    <subfield code="c">2018.</subfield>
  </datafield>
  <datafield tag="300" ind1=" " ind2=" ">
    <subfield code="a">32 &#x10D2;&#x10D5;.</subfield>
    <subfield code="b">17 &#x10E1;&#x10DB;.</subfield>
  </datafield>
  <datafield tag="653" ind1=" " ind2=" ">
    <subfield code="a">&#x10E1;&#x10D0;&#x10DB;&#x10D0;&#x10E0;&#x10D7;&#x10D0;&#x10DA;&#x10D8;</subfield>
  </datafield>
  <datafield tag="942" ind1=" " ind2=" ">
    <subfield code="2">udc</subfield>
    <subfield code="c">BK</subfield>
  </datafield>
  <datafield tag="952" ind1=" " ind2=" ">
    <subfield code="0">0</subfield>
    <subfield code="1">0</subfield>
    <subfield code="2">udc</subfield>
    <subfield code="4">0</subfield>
    <subfield code="6">343_47922_&#x10D4;18</subfield>
    <subfield code="7">0</subfield>
    <subfield code="9">89456</subfield>
    <subfield code="a">CPL</subfield>
    <subfield code="b">CPL</subfield>
    <subfield code="c">GEN</subfield>
    <subfield code="d">2020-08-25</subfield>
    <subfield code="g">12.00</subfield>
    <subfield code="o">343 (479.22) &#x10D4;-18</subfield>
    <subfield code="p">60856</subfield>
    <subfield code="r">2020-08-25</subfield>
    <subfield code="t">60856</subfield>
    <subfield code="w">2020-08-25</subfield>
    <subfield code="y">BK</subfield>
    <subfield code="z">12 &#x10DA;.</subfield>
  </datafield>
</record>
